(The) City in early historical India (Record no. 8521)

000 -LEADER
fixed length control field 00310nam a2200109Ia 4500
008 - FIXED-LENGTH DATA ELEMENTS--GENERAL INFORMATION
fixed length control field 201223s9999 xx 000 0 und d
100 ## - MAIN ENTRY--PERSONAL NAME
Personal name Ghosh, A.
245 #0 - TITLE STATEMENT
Title (The) City in early historical India
260 ## - PUBLICATION, DISTRIBUTION, ETC.
Place of publication, distribution, etc. New Delhi
Name of publisher, distributor, etc. Indian Institute of Advanced Studies & Munshiram Manoharlal
300 ## - PHYSICAL DESCRIPTION
Extent 98
942 ## - ADDED ENTRY ELEMENTS (KOHA)
Koha item type Books
Holdings
Withdrawn status Lost status Damaged status Not for loan Permanent Location Date acquired Date last seen Price effective from Koha item type Full call number Barcode
        IMU Kolkata 2020-12-23 2020-12-23 2020-12-23 Books    
          2020-12-23 2020-12-23 2020-12-23 Books 301.3630954 G4273 PM03845
Designed and Maintained by IMU-KC Library, Kolkata Campus © Copyright All Rights Reserved

webs counters

Powered by Koha